Entry Personal Name
Number of records used in: 2
001 - CONTROL NUMBER
003 - CONTROL NUMBER IDENTIFIER
005 - DATE AND TIME OF LATEST TRANSACTION
- control field:
20210827125628.0
008 - FIXED-LENGTH DATA ELEMENTS
- fixed length control field:
210827|| aca||aabn | a|a d
040 ## - CATALOGING SOURCE
- Original cataloging agency:
OSt
- Transcribing agency:
OSt
100 ## - HEADING--PERSONAL NAME
- Personal name:
PAKLE,AMRITA
670 ## - SOURCE DATA FOUND
- Source citation:
Work cat.: (OSt)6036: PAKLE,AMRITA, VIVA -VOCE INORGANIC AND PHARMACEUTICAL CEHEMISTRY FOR B.PHARMA D.PHARMA